Which Hogwarts House? Quiz Stats

 Plays Quiz Updated Nov 13, 2018

Support Sporcle.
Go Orange.
Score 0/45 Timer 04:00
0 Plays Today
Characters House % Correct
Godric Gryffindor???
90.8%
Harry Potter???
90.7%
Salazar Slytherin???
89.7%
Draco Malfoy???
89.5%
Helga Hufflepuff???
89.5%
Rowena Ravenclaw???
89.5%
Ronald Weasley???
89.1%
Percy Weasley???
88.7%
Lily Potter???
88.1%
Tom Riddle???
88%
Albus Dumbledore???
87.9%
Nearly Headless Nick???
87.1%
Severus Snape???
85.5%
Sirius Black???
84.7%
Neville Longbottom???
84.3%
James Potter (Jr)???
83.5%
Hermione Granger???
82%
Cho Chang???
81.3%
Regulus Black???
80.1%
Pomona Sprout???
80%
Minerva McGonagall???
79.9%
Angelina Johnson???
79.1%
Peter Pettigrew???
77.2%
Characters House % Correct
Horace Slughorn???
77%
Lavender Brown???
76.6%
Blaise Zabini???
74.9%
The Grey Lady???
74.8%
Millicent Bulstrode???
73.1%
Pansy Parkinson???
72.8%
Luna Lovegood???
71.8%
Marcus Flint???
71.1%
Ernie MacMillan???
69.7%
Hannah Abbott???
69%
Cedric Diggory???
67%
Penelope Clearwater???
65.9%
Susan Bones???
64.4%
Hepzibah Smith???
63.6%
Marietta Edgecombe???
58.1%
Padma Patil???
56.5%
Roger Davies???
54.6%
Zacharias Smith???
51.7%
Terry Boot???
51.5%
Theodore Nott???
48.8%
Michael Corner???
44.9%
Rose Zeller???
43.6%

From the Vault

Actor by Movie Quote

by enough

Movies 6m
"I can't believe I gave my panties to a geek."
Remove Ads.
Support Sporcle.
Get the best of Sporcle when you Go Orange. This ad-free experience offers more features, more stats, and more fun while also helping to support Sporcle. Thank you for becoming a member.

Show Comments

Extras

Top Quizzes Today


Score Distribution

Your Account Isn't Verified!

In order to create a playlist on Sporcle, you need to verify the email address you used during registration. Go to your Sporcle Settings to finish the process.

Report this User

Report this user for behavior that violates our Community Guidelines.

Details: